| 000 | 00601nam a2200205 a 4500 | ||
|---|---|---|---|
| 005 | 20210223125220.0 | ||
| 008 | 031106s2000 mx r 000 0 spa d | ||
| 020 | _a9501278085 | ||
| 035 | _aUPN01000130767 | ||
| 049 | _aCG | ||
| 050 | 4 |
_aRG560 _bF4.5 |
|
| 245 | 0 | 0 |
_aFéminas / _cEugénie Lemoine-Luccioni ... [et al.]. |
| 260 |
_aBuenos Aires : _bEOL : _bPaidós, _c2000. |
||
| 300 | _a147 p. | ||
| 440 | 0 |
_aOrientación lacaniana ; _v8 |
|
| 650 | 4 |
_aEMBARAZO - _xASPECTOS PSICOLOGICOS _92376 |
|
| 650 | 4 | _aMUJERES Y PSICOLOGIA | |
| 700 | 1 |
_aLemoine-Luccioni, Eugénie, _ecoaut. |
|
| 905 | _aLibro | ||
| 999 |
_c102924 _d102924 |
||